Cơ sở bảo tàng học Giáo trình dành cho sinh viên đại học và cao đẳng ngành Bảo tàng

Shranjeno v:
Bibliografske podrobnosti
Glavni avtor: Nguyễn, Thị Huệ (Chủ biên)
Drugi avtorji: Nguyễn, Thịnh, Phan, Khanh
Format: Knjiga
Jezik:Vietnamese
Izdano: Hà Nội Đại học quốc gia Hà Nội 2010
Izdaja:Tái bản lần thứ nhất
Teme:
Oznake: Označite
Brez oznak, prvi označite!
Thư viện lưu trữ: Trung tâm Học liệu Lê Vũ Hùng, Trường Đại học Đồng Tháp
LEADER 01179pam a22003138a 4500
001 00031176
005 20171026081025.0
008 130918s2010 ||||||viesd
020 |c 46500 
041 0 # |a vie 
082 1 4 |a 069  |b C460S 
100 1 # |a Nguyễn, Thị Huệ  |e Chủ biên 
245 1 0 |a Cơ sở bảo tàng học  |b Giáo trình dành cho sinh viên đại học và cao đẳng ngành Bảo tàng  |c Nguyễn Thị Huệ (ch.b); Phan Khanh, Nguyễn Thịnh 
250 # # |a Tái bản lần thứ nhất  |b Có sửa chữa bổ sung 
260 # # |a Hà Nội  |b Đại học quốc gia Hà Nội  |c 2010 
300 # # |a 359 tr.  |c 21 cm. 
500 # # |a ĐTTS ghi: Trường Đại học văn hóa Hà Nội 
653 # # |a Bảo tàng học 
653 # # |a Giáo trình 
653 # # |a Cơ sở 
700 1 # |a Nguyễn, Thịnh 
700 1 # |a Phan, Khanh 
852 # # |b Kho mượn  |j KM.0016003 
852 # # |j KD.0014959  |j KM.0016003 
852 # # |b Kho đọc  |j KD.0014959 
910 |e 9/2013  |d 18/09/2013 
980 # # |a Trung tâm Học liệu Lê Vũ Hùng, Trường Đại học Đồng Tháp